000
00259nam a2200121Ia 4500
008
190216s9999||||xx |||||||||||||| ||und||
100
_a
Manimala
245
0
_a
Hindi-Geeth Lokom Antherko
260
_b
B F C
300
_a
126
650
_a
Hindi
942
_c
BK
999
_c
16370
_d
16370